Amsterdam Coffeeshops - Statistics

General Stats
  • This quiz has been taken 13 times
    2 since last reset
  • The average score is 26 of 165
Answer Stats
Coffeeshop % Correct
420 Cafe
100%
Abraxas
100%
Bluebird
100%
Central
100%
Greenhouse Centrum
100%
New Amsterdam
100%
Prix d'Ami
100%
Reefer
100%
Resin
100%
Smokey
100%
Voyagers
100%
7th Heaven
50%
African Black Star
50%
Amnesia
50%
Barney's
50%
Barraka
50%
Basjoe
50%
Boerejongens Centre
50%
De Kroon
50%
Family First
50%
Goa
50%
Greenhouse Cookies
50%
Greenhouse Namaste
50%
Green Place
50%
New Times
50%
Paradox
50%
Popeye
50%
Rick's Coffeeshop
50%
Roots
50%
Siberie
50%
Stones
50%
Terps Army
50%
The Balboa Family
50%
The Bulldog Palace
50%
The Dolphins
50%
The Hit
50%
The Jolly Joker
50%
The Plug Store
50%
The Rookies
50%
Tyson 2.0
50%
Vondel
50%
1e Hulp
0%
2e Cheech and Chong's
0%
Aktama 2
0%
Atlas
0%
Babylon
0%
Bagheera
0%
Balou
0%
Best Friends Oost
0%
Best Friends Oud-Zuid
0%
Best Friends Zuidoost
0%
Bij
0%
Blue Lagoon
0%
Blue Sea
0%
Boerejongens Sloterdijk
0%
Boerejongens West
0%
Bronx
0%
Bulldog Port 26
0%
Bullwackie
0%
Carmona
0%
Catch 33
0%
Chapiteau
0%
City Hall
0%
Club Media
0%
CoffeeshopAmsterdam
0%
Crash Light
0%
Crush
0%
D and L
0%
De Bommel
0%
De Dampkring
0%
De Kade
0%
De Overkant Hortus
0%
De Prijs
0%
de Republiek
0%
De Supermarkt
0%
DNA
0%
Drewissharing By Mediterrane
0%
Eastwood
0%
Easy Times
0%
Easy Times 2
0%
El Marssa
0%
Flashback
0%
Flower Power
0%
Freedom
0%
Free I
0%
Funny People 2
0%
Get Down To It
0%
Greenhouse Strain Hunters
0%
Greenhouse Tolstraat
0%
Green Place Haarlemmerstraat
0%
Grey Area
0%
Happy Days
0%
Happy Feelings
0%
Happy People
0%
Hashtag
0%
Het Ballonnetje
0%
Het Gelderse
0%
Hunter's Bros
0%
Hunter's Filiaal
0%
Hunter's Mercatorsquare
0%
Hunter's Rembrandtsquare
0%
Ibiza
0%
Johnny
0%
Juice Bar de Watersnip
0%
Kadinsky
0%
Kadinsky 2
0%
Kadinsky 3
0%
Kashmir Lounge
0%
Katsu
0%
La Tertulia
0%
Loft
0%
Massawa
0%
Millennium
0%
Mr K & Co
0%
Nachtegaal
0%
New Times 2
0%
Nice Place
0%
NinetySix
0%
Nogal Wiedes
0%
Noord
0%
Old Church 2
0%
Oost
0%
Pacific
0%
Papillon
0%
Relax
0%
Relax Zuid
0%
Risky Business
0%
Rock-It
0%
Rockland
0%
Roxy
0%
Ruthless
0%
Sativa
0%
Sensemillia
0%
Sensemillia 2
0%
Smokerdam
0%
Solo
0%
Spirit
0%
SuperFly
0%
Superskunk 1
0%
Superskunk 2
0%
Terminator
0%
Terps Army 2
0%
Tha Dogg House a Snoop Dogg Store
0%
The Border
0%
The Bulldog Energy
0%
The Bulldog No. 90
0%
The Bulldog Rockshop
0%
The Bushdocter
0%
The Corner
0%
The Dream
0%
The Greenhouse Effect
0%
The Otherside
0%
The Plug East
0%
The Plug Utopia
0%
The Plug West
0%
The Plug Westerdok
0%
The Saint
0%
The Stud
0%
t Keteltje
0%
Trefpunt
0%
Tweede Kamer
0%
Warda 1
0%
Warda 2
0%
Yin Yang
0%
Yo-Yo
0%
No matching quizzes found
Score Distribution
Percent of People with Each Score
Percentile by Number Answered
Your Score History
You have not taken this quiz since the last reset